Finance and growth <some> theoretical consideration, and a review of the empirical literature

Salvato in:
Dettagli Bibliografici
Autore principale: Tsuru, Kotaro
Natura: Libro
Lingua:inglese
Pubblicazione: Paris OECD 2000
Serie:Economics department working papers No. 228
Soggetti:
Tags: Aggiungi Tag
Nessun Tag, puoi essere il primo ad aggiungerne!!

MARC

LEADER 00000nam a2200000 4500
001 c122659
005 20221221084308.6
041 0 |a eng 
044 |a FR 
245 1 0 |a Finance and growth  |b <some> theoretical consideration, and a review of the empirical literature  |c by Kotaro Tsuru 
264 1 |a Paris  |b OECD  |c 2000 
300 |a 53 s. 
490 1 |a Economics department working papers  |v No. 228 
830 0 |a Economics department working papers  |v No. 228 
610 2 0 |a financie 
610 2 0 |a rast hospodársky 
610 2 0 |a politika finančná 
610 2 0 |a kríza 
610 2 0 |a kapitál rizikový 
610 2 0 |a makroekonomika 
610 2 0 |a mikroekonomika 
610 2 0 |a trh kapitálový 
610 2 0 |a porovnanie medzinárodné 
610 2 0 |a svet 
610 2 0 |a Ázia 
100 1 |a Tsuru, Kotaro